Statistics for Every European Golden Shoe Winner

Click here to take the quiz!

General Stats

  • This quiz has been taken 122 times
  • The average score is 28 of 58

Answer Stats

YearPlayerClubNationalityGoalsPoints% Correct
2010/11Cristiano RonaldoReal MadridPortuguese4080
100%
2007/08Cristiano RonaldoManchester UnitedPortuguese3162
100%
2014/15Cristiano RonaldoReal MadridPortuguese4896
100%
2013/14Cristiano RonaldoReal MadridPortuguese3162
100%
2018/19Lionel MessiBarcelonaArgentinian3672
100%
2017/18Lionel MessiBarcelonaArgentinian3468
100%
2016/17Lionel MessiBarcelonaArgentinian3774
100%
2009/10Lionel MessiBarcelonaArgentinian3468
100%
2012/13Lionel MessiBarcelonaArgentinian4692
100%
2011/12Lionel MessiBarcelonaArgentinian50100
100%
1996/97Ronaldo NazárioBarcelonaBrazilian3468
100%
2021/22Robert LewandowskiBayern MunichPolish3570
96%
2020/21Robert LewandowskiBayern MunichPolish4182
96%
2013/14Luis SuárezLiverpoolUruguayan3162
95%
2015/16Luis SuárezBarcelonaUruguayan4080
95%
2004/05Thierry HenryArsenalFrench2550
93%
2003/04Thierry HenryArsenalFrench3060
93%
2019/20Ciro ImmobileLazioItalian3672
86%
2008/09Diego ForlánAtlético MadridUruguayan3264
82%
2004/05Diego ForlánVillarrealUruguayan2550
82%
2006/07Francesco TottiRomaItalian2652
79%
1967/68EusébioBenficaPortuguese42-
74%
1972/73EusébioBenficaPortuguese40-
74%
1969/70Gerd MüllerBayern MunichGerman38-
69%
1971/72Gerd MüllerBayern MunichGerman40-
69%
2000/01Henrik LarssonCelticSwedish3552.5
63%
1989/90Hugo SánchezReal MadridMexican38-
51%
1983/84Ian RushLiverpoolWelsh32-
50%
1985/86Marco van BastenAjaxDutch37-
47%
1989/90Hristo StoichkovCSKA SofiaBulgarian38-
45%
2005/06Luca ToniFiorentinaItalian3162
41%
2002/03Roy MakaayDeportivo La CoruñaDutch2958
39%
1999/00Kevin PhillipsSunderlandEnglish3060
37%
2001/02Mário JardelSporting CPBrazilian4263
21%
1998/99Mário JardelPortoBrazilian3672
21%
1991/92Ally McCoistRangersScottish34-
11%
1992/93Ally McCoistRangersScottish34-
11%
1977/78Hans KranklRapid WienAustrian41-
10%
1986/87Toni PolsterAustria WienAustrian39-
10%
1990/91Darko PančevRed Star BelgradeYugoslavian34-
8%
1982/83Fernando GomesPortoPortuguese36-
7%
1984/85Fernando GomesPortoPortuguese39-
7%
1970/71Josip SkoblarMarseilleYugoslavian44-
7%
1997/98Nikos MachlasVitesseGreek3468
6%
1974/75Dudu GeorgescuDinamo BucureștiRomanian33-
4%
1976/77Dudu GeorgescuDinamo BucureștiRomanian47-
4%
1979/80Erwin VandenberghLierseBelgian39-
4%
1973/74Héctor YazaldeSporting CPArgentinian46-
4%
1978/79Kees KistAZ AlkmaarDutch34-
4%
1968/69Petar ZhekovCSKA SofiaBulgarian36-
4%
1981/82Wim KieftAjaxDutch32-
4%
1995/96Zviad EneladzeMargvetiGeorgian40-
4%
1994/95Arsen AvetisyanHomenetmenArmenian39-
3%
1993/94David TaylorPorthmadogWelsh43-
3%
1988/89Dorin MateuțDinamo BucureștiRomanian43-
3%
1980/81Georgi SlavkovBotev PlovdivBulgarian31-
3%
1975/76Sotiris KaiafasOmonia NicosiaCypriot39-
3%
1987/88Tanju ÇolakGalatasarayTurkish39-
3%

Score Distribution

Percentile by Number Answered

Percent of People with Each Score

Your Score History

You have not taken this quiz